000 00699cam a22002533a 4500
001 32418
003 PGUSA
005 20140828083713.0
008 100518s2010||||xxu|||||s|||||000 | eng d
040 _aPGUSA
_beng
042 _adc
050 4 _aHQ
050 4 _aDS
100 1 _aPollard, Edward B.,
_d1864-1927
245 1 0 _aOriental Women
_h[electronic resource] /
_cEdward B. Pollard
260 _bProject Gutenberg,
_c2010
506 _aPublic domain in the USA.
516 _aElectronic text
653 _aWomen -- Asia -- History
653 _aWomen -- Middle East -- History
830 0 _aProject Gutenberg
_v32418
856 4 0 _uhttp://www.gutenberg.org/ebooks/32418
942 _cEB
999 _c261673
_d261673